000 00290nam a2200109Ia 4500
008 190216s9999||||xx |||||||||||||| ||und||
100 _aFrancis Xavier
245 0 _aFundamentals Of Advanced Accounts
260 _bTata Mcgraw Hill Publishing Company Ltd
_c1976
300 _a1139p
942 _cBK
999 _c5395
_d5395